[Event "ESP-chT Div Honor 2018"]
[Site "Linares"]
[Date "2018.08.06"]
[Round "1"]
[White "Gines Esteo, Pedro Antonio"]
[Black "Paehtz, Elisabeth"]
[Result "0-1"]
[WhiteElo "2336"]
[BlackElo "2500"]
[TimeControl "40/5400+30:1800+30"]
[Annotator "ChessBase"]
[EventDate "2018.08.06"]
[PlyCount "98"]
[EventType "team-tourn"]
[EventCountry "ESP"]

1. d4 d5 2. Nf3 Nf6 3. c4 c6 4. e3 Bf5 5. Nc3 a6 6. Be2 h6 7. Qb3 Ra7 8.
Bd2 e6 9. O-O Nbd7 10. Rfc1 Bd6 11. cxd5 exd5 12. Na4 Qe7 13. Nc5 Bxc5 14.
dxc5 Ne4 15. Qa3 O-O 16. Be1 Bg4 17. b4 Raa8 18. Qb2 Rfe8 19. a3 Ndf6 20.
Ra2 Nh7 21. Nd4 Bxe2 22. Qxe2 Nhg5 23. f3 Nf6 24. h4 Ngh7 25. Nf5 Qe6 26.
Nd6 Re7 27. Bc3 Ne8 28. Nxe8 Raxe8 29. Bd4 h5 30. Qf2 Qh6 31. Re1 Nf8 32.
Qg3 Nd7 33. Rae2 Ne5 34. Kh2 Re6 35. Qg5 Qh7 36. e4 f6 37. Qg3 dxe4 38.
Rxe4 Ng4+ 39. Kg1 Rxe4 40. fxe4 Qg6 41. Qf4 Qf7 42. Qf5 Qc4 43. Bf2 Qc2 44.
Bg3 Qd3 45. Qf3 Qd4+ 46. Kh1 Kh7 47. e5 fxe5 48. Qf7 Rd8 49. Bxe5 Qxe5 0-1

[Event "ESP-chT Div Honor 2018"]
[Site "Linares"]
[Date "2018.08.06"]
[Round "1"]
[White "Silva Lucena, Cristian"]
[Black "Moreno Tejera, Emilio"]
[Result "0-1"]
[WhiteElo "2237"]
[BlackElo "2429"]
[TimeControl "40/5400+30:1800+30"]
[Annotator "NA"]
[EventDate "2018.08.06"]
[PlyCount "140"]
[EventType "team-tourn"]
[EventCountry "ESP"]

1. e4 e5 2. Nf3 Nc6 3. Nc3 Nf6 4. g3 d5 5. exd5 Nxd5 6. Bg2 Nxc3 7. bxc3
Bd6 8. O-O O-O 9. d3 Bg4 10. h3 Bh5 11. Rb1 Rb8 12. g4 Bg6 13. Ng5 h6 14.
Ne4 f5 15. gxf5 Bxf5 16. Qh5 Qd7 17. Be3 b6 18. Ng3 Bh7 19. Qg4 Qxg4 20.
hxg4 Nd8 21. Bd5+ Kh8 22. Kg2 Bg8 23. c4 Bxd5+ 24. cxd5 Rc8 25. Ne4 Nf7 26.
c4 Rfd8 27. g5 hxg5 28. Bxg5 Rd7 29. Rh1+ Kg8 30. Rh3 c6 31. dxc6 Rxc6 32.
a4 Bf8 33. Kf1 Rg6 34. Rg3 Nxg5 35. Nxg5 Be7 36. Nf3 Rxg3 37. fxg3 Rxd3 38.
Nxe5 Rxg3 39. Nc6 Bc5 40. Rd1 a5 41. Rd5 Ra3 42. Nxa5 Rxa4 43. Nc6 Rxc4 44.
Ke2 Re4+ 45. Kf3 Re6 46. Ne5 Rd6 47. Ke4 Rxd5 48. Kxd5 Kh7 49. Ke4 Kh6 50.
Kf5 b5 51. Nd3 Bd4 52. Kg4 Bc3 53. Nc5 b4 54. Nb3 Kg6 55. Nc5 Kf6 56. Kf4
Ke7 57. Kf5 Kd6 58. Nb3 Kd5 59. Na5 Bf6 60. Kg6 Kd4 61. Nc6+ Kc3 62. Nxb4
Kxb4 63. Kf5 Kc4 64. Kg4 Kd4 65. Kh3 Ke4 66. Kh2 Kf3 67. Kh1 Be5 68. Kg1 g5
69. Kh1 g4 70. Kg1 g3 0-1

[Event "ESP-chT Div Honor 2018"]
[Site "Linares"]
[Date "2018.08.07"]
[Round "2"]
[White "Vidit, Santosh Gujrathi"]
[Black "Vitiugov, Nikita"]
[Result "1/2-1/2"]
[WhiteElo "2715"]
[BlackElo "2730"]
[Annotator "TA"]
[EventDate "2018.08.06"]
[PlyCount "80"]
[EventType "team-tourn"]
[EventCountry "ESP"]

1. e4 e6 2. d4 d5 3. Nc3 Bb4 4. e5 c5 5. a3 Ba5 6. b4 cxd4 7. Nb5 Bc7 8. f4
Bd7 9. Nxc7+ Qxc7 10. Nf3 Ba4 11. Bd3 Ne7 12. O-O Qb6 13. Kh1 Bb5 $146 14.
Nxd4 Bxd3 15. Qxd3 Nbc6 16. Nf3 a6 17. Be3 Qb5 18. Bc5 h6 19. Qd1 Qa4 $1
20. Nd2 O-O 21. c4 Qxd1 22. Rfxd1 Rfe8 23. g3 b5 24. cxd5 Nxd5 25. Ne4 a5
26. bxa5 Nxa5 27. Rab1 Nb7 28. Bd6 Nxd6 29. Nxd6 Nc3 30. Nxe8 Rxe8 31. Rdc1
Nxb1 32. Rxb1 $11 Ra8 33. Rxb5 Rxa3 34. Rb8+ Kh7 35. Rb7 Kg6 36. Kg2 Ra2+
37. Kh3 h5 38. Re7 Rd2 39. Ra7 Rb2 40. Re7 Rc2 1/2-1/2

[Event "ESP-chT Div Honor 2018"]
[Site "Linares"]
[Date "2018.08.07"]
[Round "2"]
[White "Kryvoruchko, Yuriy"]
[Black "Oparin, Grigoriy"]
[Result "1/2-1/2"]
[WhiteElo "2711"]
[BlackElo "2609"]
[Annotator "TA"]
[EventDate "2018.08.06"]
[PlyCount "83"]
[EventType "team-tourn"]
[EventCountry "ESP"]

1. d4 Nf6 2. c4 e6 3. Nc3 Bb4 4. g3 d5 5. Bg2 O-O 6. Nf3 dxc4 7. O-O Nc6 8.
Qa4 Rb8 9. Ne5 Bd7 $146 10. Nxc6 $14 bxc6 11. a3 c5 12. Qxa7 Bxc3 13. bxc3
cxd4 14. Qxd4 Bb5 15. Bf4 Qxd4 16. cxd4 Rfc8 17. Rfc1 Nd5 18. Bd2 c3 19.
Bxc3 Bxe2 20. Ba5 c6 21. a4 Kf8 22. Be1 Ke7 23. a5 Kd7 24. Rcb1 Ba6 25. Bd2
Rxb1+ 26. Rxb1 c5 27. dxc5 Rxc5 28. Bf1 Bxf1 29. Kxf1 $11 Rc2 30. Ke1 Kc8
31. h4 Ra2 32. h5 Kc7 33. Rb3 h6 34. f3 g6 35. g4 gxh5 36. gxh5 Nf6 37. Rb5
Kc6 38. Rb6+ Kc5 39. Rb7 Nxh5 40. Rxf7 Ng3 41. Rf6 Nf5 42. Bxh6 1/2-1/2

[Event "ESP-chT Div Honor 2018"]
[Site "Linares"]
[Date "2018.08.07"]
[Round "2"]
[White "Leko, Peter"]
[Black "Navara, David"]
[Result "1/2-1/2"]
[WhiteElo "2691"]
[BlackElo "2741"]
[Annotator "TA"]
[EventDate "2018.08.06"]
[PlyCount "87"]
[EventType "team-tourn"]
[EventCountry "ESP"]

1. e4 e5 2. Nf3 Nc6 3. Bb5 Nf6 4. d3 Bc5 5. Bxc6 dxc6 6. O-O Bg4 7. h3 Bh5
8. g4 Nxg4 9. hxg4 Bxg4 10. Be3 Bd6 11. Kh1 f5 $146 12. Rg1 $1 $16 h5 13.
exf5 Qf6 14. Nbd2 $1 Qxf5 15. Rg3 h4 16. Rxg4 Qxg4 17. Nh2 Qd7 18. Qg4 Qxg4
19. Nxg4 Kf7 20. Rg1 Rh5 21. Nh2 Be7 22. Nhf3 Rf5 23. Kh2 Rf8 24. Kh3 Kg8
25. Nh2 Kh7 26. Ne4 g5 27. Bxg5 $18 Rg8 28. Kxh4 $1 Rf4+ 29. Kh5 $1 Rf5 30.
Kh4 Rf4+ $1 $16 31. Kh5 Rf5 $18 32. Rg3 Rh8 33. Nf3 $2 Bxg5 $15 34. Rxg5
Rxf3 35. Rxe5 Rf7 36. Kg4 Kg7 37. f4 Rh2 38. Rc5 Kf8 39. b4 Ke8 40. f5 $11
Rg7+ 41. Kf4 Rgg2 42. f6 Kf7 43. Re5 Rf2+ $1 44. Nxf2 1/2-1/2

[Event "ESP-chT Div Honor 2018"]
[Site "Linares"]
[Date "2018.08.07"]
[Round "2"]
[White "Ponomariov, Ruslan"]
[Black "Meier, Georg"]
[Result "1/2-1/2"]
[WhiteElo "2686"]
[BlackElo "2638"]
[Annotator "TA"]
[EventDate "2018.08.06"]
[PlyCount "60"]
[EventType "team-tourn"]
[EventCountry "ESP"]

1. e4 e5 2. Bc4 Nf6 3. d3 c6 4. Nf3 d5 5. Bb3 Bb4+ 6. Bd2 Bxd2+ 7. Qxd2 Qc7
8. Qg5 O-O 9. Qxe5 Qxe5 10. Nxe5 dxe4 11. dxe4 $146 Nxe4 12. Nd2 Nxd2 13.
Kxd2 Nd7 14. Nd3 Rd8 15. Rhe1 Nc5 16. Re5 Nxd3 17. cxd3 Kf8 18. Rae1 Rb8
19. Kc3 Bd7 20. R1e3 Re8 21. Ra5 Ra8 22. Ra4 f6 23. Rb4 Rab8 24. Ra4 Ra8
25. Rb4 Rab8 26. Ra4 Ra8 27. Rb4 Rab8 28. Ra4 Ra8 29. Rb4 Rab8 30. Ra4 Ra8
1/2-1/2

[Event "ESP-chT Div Honor 2018"]
[Site "Linares"]
[Date "2018.08.07"]
[Round "2"]
[White "Rodshtein, Maxim"]
[Black "Adhiban, Baskaran"]
[Result "1/2-1/2"]
[WhiteElo "2678"]
[BlackElo "2671"]
[Annotator "TA"]
[EventDate "2018.08.06"]
[PlyCount "64"]
[EventType "team-tourn"]
[EventCountry "ESP"]

1. d4 d5 2. c4 dxc4 3. e3 Nf6 4. Bxc4 e6 5. Nf3 a6 6. O-O b5 7. Be2 Bb7 8.
b3 Nbd7 9. Bb2 c5 10. a4 b4 11. Nbd2 Be7 12. Rc1 Rc8 13. Nc4 O-O 14. Nfe5
cxd4 15. Qxd4 $146 Nc5 16. Qxd8 Rfxd8 17. Na5 Bd5 18. Nec4 Nfd7 19. Nd2 Bf6
20. Bd4 e5 21. Ba1 e4 22. Bxf6 Nxf6 23. Ndc4 Nd3 24. Rcd1 Bxc4 25. Nxc4 Kf8
26. Bxd3 Rxd3 27. Rxd3 exd3 $11 28. Rd1 Ne4 29. f3 Nc3 30. Rxd3 Ne2+ 31.
Kf2 Nc1 32. Rd7 Nxb3 1/2-1/2

[Event "ESP-chT Div Honor 2018"]
[Site "Linares"]
[Date "2018.08.07"]
[Round "2"]
[White "Kuzubov, Yuriy"]
[Black "Kokarev, Dmitry"]
[Result "1/2-1/2"]
[WhiteElo "2647"]
[BlackElo "2608"]
[Annotator "TA"]
[EventDate "2018.08.06"]
[PlyCount "115"]
[EventType "team-tourn"]
[EventCountry "ESP"]

1. Nf3 Nf6 2. c4 g6 3. b4 Bg7 4. Bb2 O-O 5. e3 d6 6. Be2 e5 7. d3 e4 8.
dxe4 Nxe4 9. Qc1 $146 Nd7 10. Bxg7 Kxg7 11. Nbd2 Nxd2 12. Qxd2 a5 13. b5 b6
14. Nd4 Bb7 15. Bf3 Bxf3 16. Nxf3 f5 17. Nd4 Qf6 18. O-O Rae8 19. Ne2 Qe5
20. Nf4 Nf6 21. Rac1 Rf7 22. Rfe1 h6 23. f3 Kh7 24. Nd3 Qe7 25. Qc2 Nd7 26.
Nf4 Qe5 27. Nd3 Qg7 28. Nf4 Re5 29. Rcd1 Nf6 30. h3 h5 31. h4 Rfe7 32. Qd2
Re8 33. Nh3 Kg8 34. Qf2 Qe7 35. Rd3 Kg7 36. Nf4 Qf7 37. Rc3 Rc5 38. Rec1
Rce5 39. Rd1 Qe7 40. Rdd3 Qf7 41. Qg3 Rc5 42. Kh2 Rce5 43. Qf2 Qe7 44. Nd5
Qf7 45. Rd4 Kh7 46. Qd2 Kg7 47. Rdd3 Kh7 48. Qc1 Kg7 49. Rd4 Kg8 50. Nf4
Kg7 51. Kg1 Kh7 52. Kf2 Kg7 53. Nd5 Kg8 54. Qd2 Kg7 55. Nf4 Kh7 56. Nd5 Kg7
57. Nf4 Kh7 58. Nd5 1/2-1/2

[Event "ESP-chT Div Honor 2018"]
[Site "Linares"]
[Date "2018.08.07"]
[Round "2"]
[White "Shirov, Alexei"]
[Black "Jones, Gawain C B"]
[Result "1/2-1/2"]
[WhiteElo "2631"]
[BlackElo "2666"]
[Annotator "TA RC"]
[EventDate "2018.08.06"]
[PlyCount "110"]
[EventType "team-tourn"]
[EventCountry "ESP"]

1. e4 e5 2. Nf3 Nc6 3. Bb5 a6 4. Ba4 d6 5. O-O Bd7 6. d4 Nf6 7. c4 Nxd4 8.
Nxd4 exd4 9. Bxd7+ Qxd7 10. Qxd4 Be7 11. Nc3 O-O 12. b3 c6 13. Bb2 Rad8 14.
Rad1 Rfe8 15. Ne2 $146 Nh5 16. Qe3 Bf6 17. Bd4 Bxd4 18. Rxd4 Qe7 19. Rfd1
c5 20. R4d2 Qxe4 21. Qxe4 Rxe4 22. f3 Re6 23. g4 Nf6 24. Nf4 Re7 25. Rxd6
Rxd6 26. Rxd6 $14 Rd7 27. Rb6 Kf8 28. b4 Rd4 29. Ne2 Rxc4 30. bxc5 Rxc5 31.
Rxb7 Rc2 32. Nd4 Rxa2 33. Nf5 Ne8 34. Rb8 Re2 35. Ra8 Re6 36. Kf2 g6 37.
Nd4 Rd6 38. Ke3 Ke7 39. Ra7+ $1 Kf6 40. h4 h6 41. f4 Rb6 42. g5+ hxg5 43.
hxg5+ Kg7 44. Kd3 Kf8 45. Ra8 f6 46. Kc4 fxg5 47. fxg5 Rd6 48. Kc5 Rd7 49.
Rxa6 Kf7 50. Nc6 Rd5+ 51. Kxd5 Nc7+ 52. Kd6 Nxa6 53. Ne5+ Kg7 54. Nd3 Kf7
55. Kd7 Nb8+ 1/2-1/2

[Event "ESP-chT Div Honor 2018"]
[Site "Linares"]
[Date "2018.08.07"]
[Round "2"]
[White "Rakhmanov, Alexander"]
[Black "Anton Guijarro, David"]
[Result "1/2-1/2"]
[WhiteElo "2629"]
[BlackElo "2652"]
[Annotator "TA"]
[EventDate "2018.08.06"]
[PlyCount "61"]
[EventType "team-tourn"]
[EventCountry "ESP"]

1. Nf3 Nf6 2. g3 c5 3. Bg2 Nc6 4. c4 d5 5. cxd5 Nxd5 6. d4 cxd4 7. Nxd4
Ndb4 8. Nxc6 Qxd1+ 9. Kxd1 Nxc6 10. Bxc6+ bxc6 11. Be3 a5 12. Nd2 a4 $146
13. f3 g6 14. Bd4 f6 15. Rc1 Be6 16. a3 Rc8 17. Rc5 Rd8 18. Be3 Bg7 19. Ke1
f5 20. Nc4 Bxc4 21. Rxc4 Bxb2 22. Rxa4 Kf7 23. Kf2 Ra8 24. Rc4 Bxa3 25.
Rxc6 Rhc8 26. Rxc8 Rxc8 27. Ra1 Bc5 28. Bxc5 Rxc5 29. Rb1 Rc7 30. Ra1 Rc5
31. Rb1 1/2-1/2

[Event "ESP-chT Div Honor 2018"]
[Site "Linares"]
[Date "2018.08.07"]
[Round "2"]
[White "Antipov, Mikhail Al"]
[Black "Saric, Ivan"]
[Result "1/2-1/2"]
[WhiteElo "2598"]
[BlackElo "2690"]
[Annotator "TA"]
[EventDate "2018.08.06"]
[PlyCount "119"]
[EventType "team-tourn"]
[EventCountry "ESP"]

1. e4 g6 2. d4 Bg7 3. Nc3 c6 4. h3 d5 5. e5 f6 6. f4 Nh6 7. g4 O-O 8. Nf3
fxe5 9. dxe5 Qb6 $146 10. Qe2 Na6 11. Nd1 Nc5 12. Nf2 Ne6 $15 13. Nd3 c5 $1
14. Qh2 c4 15. Nf2 Bd7 16. Be2 Bc6 17. Qg3 d4 18. O-O Qc5 19. b3 b5 $1 $36
20. a4 d3 $1 21. cxd3 cxb3 $19 22. d4 $2 b2 $2 23. Bxb2 $11 Qc2 24. Rac1
Qxe2 $17 25. Rxc6 Nxf4 26. Bc1 Qc4 27. Rxc4 $15 Ne2+ 28. Kg2 Nxg3 29. Kxg3
bxc4 30. Ba3 Rfe8 $1 31. Rc1 Rab8 32. Rxc4 Rb3 33. Bb4 $1 Nf7 $1 34. Bc3
Rbb8 35. Bb4 e6 36. Ne4 Rec8 37. Rxc8+ Rxc8 38. Bc5 Rc6 39. Bxa7 Ra6 $1 40.
Bc5 Rxa4 41. Neg5 $1 Nxg5 42. Nxg5 $11 Ra6 43. Bd6 $1 Bf8 44. Bxf8 $1 Kxf8
45. Nxh7+ Ke7 46. Kf4 Ra3 47. Ng5 Rd3 48. Nf3 Kf7 49. h4 Rd1 50. Kg3 Ke7
51. Kf2 Kf8 52. Kg2 Ke7 53. h5 gxh5 54. gxh5 Kf8 55. Ng5 $1 $16 Ke7 56. Nf3
Kf8 57. Kg3 Rh1 58. Kg4 Ke7 59. Kg5 Rf1 60. Kg4 1/2-1/2

[Event "ESP-chT Div Honor 2018"]
[Site "Linares"]
[Date "2018.08.07"]
[Round "2"]
[White "Lopez Martinez, Josep Manuel"]
[Black "Aroshidze, Levan"]
[Result "1-0"]
[WhiteElo "2585"]
[BlackElo "2504"]
[TimeControl "40/5400+30:1800+30"]
[Annotator "ChessBase"]
[EventDate "2018.08.06"]
[PlyCount "83"]
[EventType "team-tourn"]
[EventCountry "ESP"]

1. d4 Nf6 2. c4 e6 3. Nf3 b6 4. g3 Bb7 5. Bg2 Be7 6. O-O O-O 7. Nc3 Ne4 8.
Bd2 Nxd2 9. Qxd2 d6 10. Rfd1 Nd7 11. b4 c6 12. Rac1 d5 13. c5 a5 14. a3
axb4 15. axb4 bxc5 16. dxc5 Bf6 17. e4 Ne5 18. Nxe5 Bxe5 19. exd5 cxd5 20.
b5 Qa5 21. Bf1 d4 22. Qe2 Bf6 23. Ne4 Bxe4 24. Qxe4 Rfc8 25. h4 Rab8 26. h5
Qb4 27. c6 Qd6 28. Ra1 g6 29. Ra4 Qc5 30. h6 e5 31. Rda1 Bd8 32. Rc4 Qd6
33. Ra7 Bc7 34. Rca4 Rd8 35. Rxc7 Qxc7 36. Ra7 Qxa7 37. Qxe5 Kf8 38. Bc4
Qa1+ 39. Kg2 Qc3 40. Qc5+ Kg8 41. c7 Qe1 42. Qxd4 1-0

[Event "ESP-chT Div Honor 2018"]
[Site "Linares"]
[Date "2018.08.07"]
[Round "2"]
[White "Santos Latasa, Jaime"]
[Black "Cuenca Jimenez, Jose Fernando"]
[Result "1/2-1/2"]
[WhiteElo "2582"]
[BlackElo "2506"]
[TimeControl "40/5400+30:1800+30"]
[Annotator "ChessBase"]
[EventDate "2018.08.06"]
[PlyCount "62"]
[EventType "team-tourn"]
[EventCountry "ESP"]

1. c4 e6 2. Nc3 d5 3. d4 Bb4 4. a3 Bxc3+ 5. bxc3 Nf6 6. cxd5 exd5 7. e3 O-O
8. Bd3 c5 9. Ne2 b6 10. O-O Ba6 11. Bxa6 Nxa6 12. Qd3 Nc7 13. f3 Re8 14.
dxc5 bxc5 15. c4 Rb8 16. Ra2 Ne6 17. Rd2 dxc4 18. Qxc4 Qb6 19. Rb2 Qd6 20.
e4 Nd7 21. Rd2 Nb6 22. Qb5 Qc7 23. Rc2 Red8 24. Bd2 Qd7 25. Qxd7 Rxd7 26.
Rb1 Rd3 27. a4 Rbd8 28. Be1 Rd1 29. Rxd1 Rxd1 30. Kf2 Nxa4 31. Ra2 Nb6
1/2-1/2

[Event "ESP-chT Div Honor 2018"]
[Site "Linares"]
[Date "2018.08.07"]
[Round "2"]
[White "Forcen Esteban, Daniel"]
[Black "Mirzoev, Azer"]
[Result "1-0"]
[WhiteElo "2569"]
[BlackElo "2510"]
[TimeControl "40/5400+30:1800+30"]
[Annotator "ChessBase"]
[EventDate "2018.08.06"]
[PlyCount "101"]
[EventType "team-tourn"]
[EventCountry "ESP"]

1. e4 c6 2. d4 d5 3. e5 Bf5 4. Nd2 e6 5. Nb3 Nd7 6. Nf3 Ne7 7. Be2 Nc8 8.
O-O Be7 9. a4 O-O 10. a5 a6 11. c4 Na7 12. Bf4 dxc4 13. Nbd2 Bd3 14. Nxc4
Bxe2 15. Qxe2 Nb5 16. Rfd1 Nc7 17. Nfd2 Nd5 18. Bg3 c5 19. Ne4 cxd4 20.
Rxd4 Nc5 21. Ned2 Nd7 22. Ne4 Nc5 23. Ned2 Nd7 24. Rd1 b5 25. axb6 N7xb6
26. Nd6 Bxd6 27. exd6 Nd7 28. Nc4 Rb8 29. Ra1 Qc8 30. Ne5 Nxe5 31. Bxe5 Rb5
32. Rda4 f6 33. Bd4 Nf4 34. Qf3 e5 35. Rxa6 Qc2 36. Be3 Rxb2 37. h4 Rb1+
38. Kh2 Rxa1 39. Rxa1 Qc4 40. Rc1 Qe6 41. Bxf4 exf4 42. Rc7 Qxd6 43. Qb7
Kh8 44. Rxg7 f3+ 45. g3 Qd3 46. Qe7 Rg8 47. Rf7 Qg6 48. Rxf6 Qe8 49. Qxe8
Rxe8 50. Rxf3 Kg7 51. Rf5 1-0

[Event "ESP-chT Div Honor 2018"]
[Site "Linares"]
[Date "2018.08.07"]
[Round "2"]
[White "Volkov, Sergey"]
[Black "Banusz, Tamas"]
[Result "0-1"]
[WhiteElo "2557"]
[BlackElo "2612"]
[Annotator "TA"]
[EventDate "2018.08.06"]
[PlyCount "144"]
[EventType "team-tourn"]
[EventCountry "ESP"]

1. d4 d5 2. c4 c6 3. Nc3 Nf6 4. e3 e6 5. Nf3 a6 6. c5 Nbd7 7. b4 b6 8. Bb2
a5 9. a3 Be7 10. Bd3 O-O 11. O-O Ba6 12. Re1 Bxd3 13. Qxd3 Qc8 $146 14. Nd2
bxc5 15. bxc5 Qa6 16. Qxa6 Rxa6 17. Na4 Ne8 18. Bc3 Nc7 $1 19. Nb3 Rfa8 20.
Reb1 Nb5 21. Be1 Bd8 22. Nc3 Nxc3 23. Bxc3 R6a7 24. Nc1 f6 25. Nd3 Bc7 26.
Ra2 Rb8 27. Rxb8+ Bxb8 28. Rb2 Bc7 29. g4 e5 30. f3 Kf7 31. Kg2 g6 32. h4
h5 33. Nc1 Nf8 34. Ne2 Ne6 35. Be1 Ke7 36. Bg3 Kd7 37. g5 exd4 38. Nxd4
fxg5 39. Nxe6 Kxe6 40. hxg5 $11 Bd8 41. Bb8 Rd7 42. f4 d4 43. exd4 Rxd4 44.
Bd6 a4 $1 45. Rb8 Ba5 46. Rf8 Kd5 47. Re8 Rd2+ 48. Kf1 Rd3 49. Ra8 Bc3 50.
Ke2 Rh3 51. Rxa4 Bd4 52. Ra8 h4 53. Rd8 Ke4 54. Re8+ Kf5 $1 55. Rf8+ Ke4
56. f5 gxf5 57. Re8+ Kd5 58. g6 Rxa3 59. Rd8 Kc4 $1 $19 60. Bf4 $2 Ra2+ 61.
Ke1 h3 62. Rd6 h2 63. Bxh2 Rxh2 64. Rxc6 Rg2 65. Kf1 Rg5 66. Ke2 Kd5 67.
Ra6 Bxc5 68. Rf6 Be7 69. Rf7 Ke6 70. Rg7 Bd6 71. Kf3 Kf6 72. Rd7 Be5 0-1

[Event "ESP-chT Div Honor 2018"]
[Site "Linares"]
[Date "2018.08.07"]
[Round "2"]
[White "Magem Badals, Jordi"]
[Black "Del Rio de Angelis, Salvador Gabriel"]
[Result "1/2-1/2"]
[WhiteElo "2531"]
[BlackElo "2525"]
[Annotator "TA"]
[EventDate "2018.08.06"]
[PlyCount "83"]
[EventType "team-tourn"]
[EventCountry "ESP"]

1. e4 d6 2. d4 e5 3. Nf3 exd4 4. Nxd4 Nf6 5. Nc3 Be7 6. g3 Nc6 7. Nxc6 bxc6
8. Bg2 Ba6 9. e5 $1 Nd7 10. Bxc6 O-O $1 11. Bb5 $146 Bxb5 12. Nxb5 Nxe5 13.
O-O Qd7 14. Nc3 c6 15. Bf4 Ng6 16. Be3 Rab8 17. b3 Qh3 18. f3 Rb7 19. Qd2
Qf5 20. Rae1 Rd8 21. Ne2 d5 22. c3 c5 23. Rd1 Qe6 24. Nf4 Nxf4 25. Bxf4
Rbd7 26. Rfe1 Qc6 27. Kg2 h6 28. h4 Bf6 29. Be5 Be7 30. Qc2 a5 31. Re2 a4
32. Rde1 axb3 33. axb3 Bf8 34. Bf4 Rb7 35. Rb1 Re8 36. Rxe8 Qxe8 37. Rd1
Qe6 38. Rd2 Rd7 39. Re2 Qb6 40. Re8 Rd8 41. Rxd8 Qxd8 42. Qd3 1/2-1/2

[Event "ESP-chT Div Honor 2018"]
[Site "Linares"]
[Date "2018.08.07"]
[Round "2"]
[White "Santos Ruiz, Miguel"]
[Black "Muzychuk, Anna"]
[Result "1/2-1/2"]
[WhiteElo "2517"]
[BlackElo "2564"]
[Annotator "TA"]
[EventDate "2018.08.06"]
[PlyCount "48"]
[EventType "team-tourn"]
[EventCountry "ESP"]

1. d4 d5 2. c4 c6 3. Nf3 Nf6 4. Nc3 e6 5. e3 Nbd7 6. Qc2 Bd6 7. b3 O-O 8.
Be2 b6 9. O-O Bb7 10. Bb2 Qe7 11. Rad1 Rad8 12. Rfe1 Rfe8 13. Bf1 e5 14.
dxe5 Nxe5 15. Nxe5 Bxe5 16. cxd5 Qc5 17. Qd2 h6 18. Na4 $146 Qxd5 19. Qxd5
Rxd5 20. Bxe5 Rexe5 21. Nc3 Rc5 22. Na4 Rcd5 23. Nc3 Rc5 24. Na4 Rcd5
1/2-1/2

[Event "ESP-chT Div Honor 2018"]
[Site "Linares"]
[Date "2018.08.07"]
[Round "2"]
[White "Korneev, Oleg"]
[Black "Perez Candelario, Manuel"]
[Result "1-0"]
[WhiteElo "2513"]
[BlackElo "2611"]
[Annotator "TA"]
[EventDate "2018.08.06"]
[PlyCount "73"]
[EventType "team-tourn"]
[EventCountry "ESP"]

1. e4 e5 2. Nf3 Nc6 3. Bb5 a6 4. Ba4 Nf6 5. O-O Be7 6. Re1 b5 7. Bb3 d6 8.
c3 O-O 9. h3 Bb7 10. d4 Nd7 11. a4 Na5 12. Bc2 c5 13. d5 Kh8 14. b4 Nc4 15.
Nbd2 $146 Nxd2 16. Bxd2 f5 17. exf5 c4 18. Bc1 a5 19. bxa5 bxa4 20. Rxa4
$16 Rxa5 21. Ng5 $1 Rxd5 22. Qh5 Bxg5 23. Bxg5 $40 Nf6 24. Bxf6 Qxf6 25.
Rb1 $1 Bc6 26. Rxc4 Be8 27. Qf3 $1 Rd2 28. Be4 $1 Bf7 29. Rc6 Qe7 30. Qe3
Ra2 31. Rd1 Rd8 32. Qb6 d5 $2 33. Rc7 $18 Rd7 34. Rc8+ Bg8 35. Bxd5 Rxd5
36. Rxd5 Qg5 37. Rxg8+ $2 1-0

[Event "ESP-chT Div Honor 2018"]
[Site "Linares"]
[Date "2018.08.07"]
[Round "2"]
[White "Moskalenko, Viktor"]
[Black "Ibarra Jerez, Jose Carlos"]
[Result "1-0"]
[WhiteElo "2504"]
[BlackElo "2570"]
[TimeControl "40/5400+30:1800+30"]
[Annotator "ChessBase"]
[EventDate "2018.08.06"]
[PlyCount "91"]
[EventType "team-tourn"]
[EventCountry "ESP"]

1. d4 d5 2. Bf4 c5 3. e3 Nc6 4. c3 Bf5 5. Qb3 Qd7 6. Nf3 f6 7. Nbd2 g5 8.
Bg3 c4 9. Qd1 e6 10. h4 g4 11. Nh2 h5 12. Be2 b5 13. f3 Bd6 14. Ndf1 gxf3
15. Bxf3 Bg6 16. Bxd6 Qxd6 17. Kf2 Nge7 18. Ng3 O-O-O 19. b3 Rdg8 20. Nhf1
e5 21. a4 b4 22. bxc4 exd4 23. cxd5 Nxd5 24. cxd4 Nc3 25. Qd2 Na5 26. Rc1
Qc7 27. Qb2 Qb6 28. Ne2 Nc4 29. Rxc3 bxc3 30. Qxc3 Qc7 31. Nd2 Nb6 32. Qb4
Kd8 33. Rc1 Qe7 34. Qc3 Bf5 35. a5 Nc8 36. Nf4 Nd6 37. Nd5 Qg7 38. Qc6 Qg3+
39. Ke2 Rg7 40. Nf4 Ke7 41. Qd5 Rc8 42. Rxc8 Bxc8 43. Nxh5 Ba6+ 44. Kd1 Qg6
45. Nxg7 Qxg7 46. Qc5 1-0

[Event "ESP-chT Div Honor 2018"]
[Site "Linares"]
[Date "2018.08.07"]
[Round "2"]
[White "Paehtz, Elisabeth"]
[Black "Matnadze, Ana"]
[Result "1-0"]
[WhiteElo "2500"]
[BlackElo "2378"]
[TimeControl "40/5400+30:1800+30"]
[Annotator "ChessBase"]
[EventDate "2018.08.06"]
[PlyCount "83"]
[EventType "team-tourn"]
[EventCountry "ESP"]

1. c4 Nf6 2. Nc3 c5 3. Nf3 Nc6 4. d4 cxd4 5. Nxd4 g6 6. g3 Bg7 7. Bg2 O-O
8. O-O d6 9. Nxc6 bxc6 10. Bxc6 Bh3 11. Bg2 Bxg2 12. Kxg2 Qc8 13. Qa4 Qb7+
14. f3 Rfc8 15. Rb1 Nd7 16. Nd5 Nb6 17. Qb3 Rab8 18. Nxb6 Qxb6 19. Qxb6
axb6 20. b3 d5 21. cxd5 Rc2 22. Rf2 Rxa2 23. e4 Rba8 24. Bb2 g5 25. f4 g4
26. h3 h5 27. hxg4 hxg4 28. e5 f6 29. Rh1 fxe5 30. Rh4 exf4 31. Rxg4 f3+
32. Kh3 Rxb2 33. Rxb2 Ra1 34. Kh2 Rf1 35. Rd2 Kh7 36. Re4 Bf6 37. d6 exd6
38. Rxd6 Bg5 39. Ree6 Rf2+ 40. Kh3 Re2 41. Rxe2 fxe2 42. Re6 1-0

[Event "ESP-chT Div Honor 2018"]
[Site "Linares"]
[Date "2018.08.07"]
[Round "2"]
[White "Cornette, Deimante"]
[Black "Moreno Tejera, Emilio"]
[Result "1/2-1/2"]
[WhiteElo "2463"]
[BlackElo "2429"]
[TimeControl "40/5400+30:1800+30"]
[Annotator "ChessBase"]
[EventDate "2018.08.06"]
[PlyCount "95"]
[EventType "team-tourn"]
[EventCountry "ESP"]

1. e4 e5 2. Nf3 Nc6 3. Bb5 a6 4. Ba4 Nf6 5. O-O Be7 6. d3 b5 7. Bb3 d6 8.
a3 Na5 9. Ba2 c5 10. Bd2 O-O 11. Nc3 Be6 12. Nd5 Nxd5 13. Bxd5 Bxd5 14.
exd5 Qc7 15. b4 Nb7 16. c3 h6 17. a4 f5 18. Qb1 Qd7 19. Re1 Bf6 20. Ra3
Rfe8 21. Be3 e4 22. dxe4 cxb4 23. cxb4 Rxe4 24. Rc1 Rae8 25. Nd2 R4e7 26.
axb5 Qxb5 27. g3 Qxd5 28. Qa2 Qxa2 29. Rxa2 Re5 30. Rxa6 Rb5 31. Rb6 Rxb6
32. Bxb6 d5 33. Kf1 Nd6 34. Bc5 Nb5 35. Nf3 Bc3 36. Rd1 Rd8 37. Ke2 Bf6 38.
Kd3 Ra8 39. Rd2 Ra3+ 40. Ke2 Nc3+ 41. Ke3 Ne4+ 42. Rd3 Bc3 43. Kf4 Ra4 44.
Kxf5 Bxb4 45. Bxb4 Rxb4 46. Rxd5 Nxf2 47. Nd4 Rb7 48. Rd8+ 1/2-1/2